Problemas y desafo̕s contemporǹeos de la gobernanza global y regional

Detalles Bibliográficos
Autor principal: Pastrana Buelvas, Eduardo
Formato: eBook
Lenguaje:español
Publicado: Bogot:̀ Pontificia Universidad Javeriana, 2015
Materias:
Acceso en línea:Acceso restringido

MARC

LEADER 00000nam a22000007a 4500
005 20201118220239.0
007 cr|||| ||||
008 201118s2015 co |||||s|||| 00||0 spa d
020 |a 978-958-716-889-1 
035 |a 32266 
040 |a vLex 
090 |c 10895  |d 10895 
100 1 |a Pastrana Buelvas, Eduardo 
245 1 0 |a Problemas y desafo̕s contemporǹeos de la gobernanza global y regional  |h [Recurso electrn̤ico] /  |c Eduardo Pastrana Buelvas 
256 |a Servicio en ln̕ea 
260 |a Bogot:̀  |b Pontificia Universidad Javeriana,  |c 2015 
300 |a 1 recurso electrn̤ico 
506 1 |a Disponible solo en los productos indicados  |d vLex Global  |d vLex Global (Academic Edition, excluding Law Schools)  |d vLex Global (U.S. Academic Edition, Law Schools)  |d vLex Global (U.S. Academic Edition, excluding Law Schools)  |d vLex Global (Academic Edition, Law Schools) 
650 0 4 |a Derecho Pb︢lico y Administrativo  |z Colombia 
740 0 |a vLex Libros (Servicio en ln̕ea) 
856 4 0 |u http://vlex.com/source/problemas-y-desafios-contemporaneos-de-la-gobernanza-global-y-regional-32266  |z Acceso restringido 
942 |c BOOK 
999 0 |a Public and Administrative Law